00541nam a2200193Ia 4500008004100000041001200041082001200053100001600065245005400081260003400135300000800169365000800177520001400185546001200199630005400211650001400265655001400279730005400293101110s9999 xx 000 0 und d aMARATHI bSR27095 aSabale R.D. aBritan, America aani Siwzerlandchya shasanpranali c1998bAbhay Prakashan, Nanded a212 b100 aEconomics aMARATHI aBritan, America aani Siwzerlandchya shasanpranali aEconomics aEconomics aBritan, America aani Siwzerlandchya shasanpranali